| 000 | 00378nam a2200133Ia 4500 | ||
|---|---|---|---|
| 005 | 20260328104335.0 | ||
| 008 | 260328s9999||||xx |||||||||||||| ||und|| | ||
| 100 | _aSantamaría, Camilo | ||
| 245 | 0 |
_aBogotá Construye su Futuro : _b Habitat escolar para el Siglo XXI / _cCamilo Santamaría |
|
| 260 | _bBogotá Humana | ||
| 300 | _a283 p. | ||
| 650 | _aESTRUCTURA | ||
| 942 | _cBK | ||
| 999 |
_c11879 _d11879 |
||